[Event "Porto Sant Elpidio op U16 9th"]
[Site "Porto Sant Elpidio"]
[Date "2006.11.26"]
[Round "5"]
[White "Binci, Luca"]
[Black "Tommasi, Fabio"]
[Result "1-0"]
[WhiteElo "1473"]
[BlackElo "1419"]
[PlyCount "78"]
[EventDate "2006.11.18"]
[EventType "swiss"]
[EventRounds "6"]
[EventCountry "ITA"]
[SourceTitle "EXT 2011"]
[Source "ChessBase"]
[SourceDate "2010.11.26"]
[SourceVersion "1"]
[SourceVersionDate "2010.11.26"]
[SourceQuality "1"]

1. d4 d5 2. Nf3 Nf6 3. e3 Bf5 4. b3 e6 5. Bb2 Nc6 6. a3 a6 7. Be2 Be7 8. 0-0 0-0 9. c4 Be4 10. Nc3 Re8 11. Rc1 Qd7 12. Ne5 Qd6 13. Nxe4 Nxe4 14. c5 Qd8 15. Nxc6 bxc6 16. Bf3 Ng5 17. Be2 Bf6 18. Re1 e5 19. b4 Ne4 20. Bf3 Ng5 21. Be2 Ne4 22. Bf1 Qd7 23. g3 a5 24. Ra1 g6 25. Bg2 Ng5 26. e4 exd4 27. Bxd4 Bxd4 28. Qxd4 Red8 29. exd5 cxd5 30. Rad1 c6 31. Qd2 Ne6 32. Bh3 Kg7 33. Qe3 Re8 34. Qe5+ Kf8 35. Bxe6 Qxe6 36. Qh8+ Ke7 37. Rxe6+ Kxe6 38. Re1+ Kd7 39. Rxe8 Rxe8 1-0

[Event "Porto San Giorgio op 18th"]
[Site "Porto San Giorgio"]
[Date "2006.08.22"]
[Round "2"]
[White "Altini, Ruggiero"]
[Black "Tommasi, Fabio"]
[Result "1-0"]
[WhiteElo "1341"]
[BlackElo "1440"]
[PlyCount "29"]
[EventDate "2006.08.21"]
[EventType "swiss"]
[EventRounds "9"]
[EventCountry "ITA"]
[SourceTitle "CBM 113 Extra"]
[Source "ChessBase"]
[SourceDate "2006.09.14"]
[SourceVersion "1"]
[SourceVersionDate "2006.09.14"]
[SourceQuality "1"]

1. e4 e5 2. Nf3 Nc6 3. Bc4 Nf6 4. Ng5 Qe7 5. Bxf7+ Kd8 6. Bb3 d6 7. Nf7+ Ke8 8. Nxh8 Bg4 9. f3 Be6 10. c3 d5 11. 0-0 dxe4 12. Bxe6 Qxe6 13. fxe4 Nxe4 14. Qh5+ Kd8 15. Rxf8+ 1-0

[Event "Porto San Giorgio op 18th"]
[Site "Porto San Giorgio"]
[Date "2006.08.21"]
[Round "1"]
[White "Tommasi, Fabio"]
[Black "Alesiani, Leonardo"]
[Result "1-0"]
[WhiteElo "1440"]
[BlackElo "1440"]
[PlyCount "65"]
[EventDate "2006.08.21"]
[EventType "swiss"]
[EventRounds "9"]
[EventCountry "ITA"]
[SourceTitle "CBM 113 Extra"]
[Source "ChessBase"]
[SourceDate "2006.09.14"]
[SourceVersion "1"]
[SourceVersionDate "2006.09.14"]
[SourceQuality "1"]

1. e4 c5 2. Nf3 e6 3. d4 b6 4. Nc3 Nc6 5. e5 d6 6. Bb5 Bb7 7. 0-0 dxe5 8. Nxe5 Nge7 9. Bg5 f6 10. Bxc6+ Bxc6 11. Nxc6 Nxc6 12. Be3 g6 13. Ne4 cxd4 14. Bf4 e5 15. Bg3 Nb4 16. a3 Nd5 17. Qe2 Qe7 18. Qb5+ Qd7 19. Qxd7+ Kxd7 20. b4 Rc8 21. Rfc1 h5 22. Rab1 h4 23. Nxf6+ Nxf6 24. Bxe5 Bg7 25. Bxd4 Rhg8 26. Rd1 Ne4 27. Bxg7+ Ke6 28. Bd4 Rgf8 29. f3 Ng5 30. Re1+ Kd5 31. Rbd1 Rfd8 32. Bf6+ Kc6 33. Bxd8 1-0